Logo BPK

Biblioteka

Politechniki Koszalińskiej

Kurze Geschichte des Ersten Weltkriegs : (Rekord nr 49981)

Szczegóły MARC
000 -ETYKIETA REKORDU
podpole kontrolne o stałej długości 00681nam a2200229 i 4500
001 - NUMER KONTROLNY REKORDU
pole kontrolne bgj
020 ## - MIĘDZYNARODOWY ZNORMALIZOWANY NUMER KSIĄŻKI - ISBN
ISBN 349204588X
040 ## - ŹRÓDŁO KATALOGOWANIA
Instytucja, która utworzyła rekord BPK
041 0# - KOD JĘZYKA
Kod języka tekstu ger
044 ## - KOD KRAJU WYDAWCY/PRODUCENTA
Kod kraju wydawcy/producenta DEU
080 ## - UNIWERSALNA KLASYFIKACJA DZIESIĘTNA - UKD
UKD 93/94
920 ## - Międzynarodowy znormalizowany numer książki – ISBN
ISBN 3-492-04588-X
008 - POLE O STAŁEJ DŁUGOŚCI - DANE KONTROLNE
podpole kontrolne o stałej długości s gw f |000 0 ger
100 1# - NAZWA OSOBOWA
Nazwa osobowa HOWARD, Michael.
245 10 - TYTUŁ/ODPOWIEDZIALNOŚĆ
Tytuł Kurze Geschichte des Ersten Weltkriegs :
Ciąg dalszy tytułu mit 12 Abildungen im Text, 7 Karten und einem Farbbildteil /
Pozostałe elementy strefy tytułu i oznaczenia odpowiedzialności Michael Howard ; aus dem Englischen von Helmut Reuter.
260 ## - STREFA ADRESU WYDAWNICZEGO
Miejsce wydania München ;
-- Zürich :
Nazwa wydawcy/dystrybutora Piper,
Data publikacji, dystrybucji/powstania dokumentu 2004.
300 ## - STREFA OPISU FIZYCZNEGO
Objętość 202, [1] s., 4 k. :
Inne cechy fizyczne il., mapy ;
Rozmiary 21 cm.
504 ## - UWAGA DOTYCZĄCA BIBLIOGRAFII
Informacje o bibliografii Indeks.
650 9# - HASŁO PRZEDMIOTOWE W FORMIE NAZWY OGÓLNEJ LUB JEDNOSTKOWEJ
Nazwa ogólna lub geograficzna Historia
700 1# - HASŁO DODATKOWE - NAZWA OSOBOWA
Nazwa osobowa REUTER, Helmut.
856 ## - LOKALIZACJA I DOSTĘP DO ELEKTRONICZNYCH DOKUMENTÓW ZDALNYCH
Link (URL) http://koha.tu.koszalin.pl/cgi-bin/koha/opac-detail.pl?biblionumber=49981
Tekst linku Katalog online BPK
942 ## - DODATKOWE ELEMENTY (KOHA)
Typ dokumentu Książka
Egzemplarze
Wycofany Status egzemplarza Uszkodzony Dostępność Lokalizacja stała Lokalizacja bieżąca Miejsce przechowywania Sygnatura Kod kreskowy Dział Typ dokumentu
      Tylko na miejscu Biblioteka Politechniki Koszalińskiej Biblioteka Politechniki Koszalińskiej Czytelnia Wydziałowa ul. Kwiatkowskiego 6e S 2605 02438320 93/94=112.2 Historia (język niemiecki) Książka
© 2023 Biblioteka Politechniki Koszalińskiej :: KOHA